Statistiques concernant Mers et Océans du monde - Facile - Carte

Cliquez ici pour prendre le quiz!

Statistiques générales

  • Ce quiz a été pris 6 027 fois
  • Le résultat moyen est 19 sur 62

Réponses sur la Carte

Les réponses sont colorées sur une échelle allant du rouge au vert en fonction du pourcentage des utilisateurs qui les ont devinées à leur premier essai. Vous pouvez retrouver ces pourcentages ci-dessous.
 

Statistiques - réponses

Body of Water% Correct
Océan Atlantique
96%
Océan Pacifique
96%
Océan Indien
94%
Mer Noire
85%
Mer Méditerranée
84%
Mer Rouge
80%
Mer du Nord
74%
Océan Arctique
73%
Manche
69%
Mer des Caraïbes
58%
Mer Baltique
55%
Golfe du Mexique
52%
Mer Caspienne
52%
Mer du Japon
45%
Mer Egée
45%
Mer Adriatique
44%
Golfe de Panama
38%
Golfe Persique
38%
Mer de Béring
34%
Golfe de Guinée
33%
Mer de Chine Méridionale
32%
Mer de Chine Orientale
30%
Mer Jaune
30%
Mer de Norvège
27%
Golfe de Gascogne
26%
Mer d'Irlande
26%
Mer du Groenland
26%
Mer de Tasmanie
24%
Canal du Mozambique
23%
Golfe du Bengale
23%
Golfe d'Alaska
21%
Golfe de Californie
21%
Baie d'Hudson
20%
Mer Blanche
20%
Mer de Corail
19%
Mer Ionienne
18%
Golfe d'Oman
17%
Mer des Philippines
17%
Détroit de Malacca
16%
Mer d'Azov
16%
Mer arabique
15%
Mer Celtique
15%
Golfe de Finlande
14%
Golfe du Saint Laurent
14%
Mer Tyrrhénienne
13%
Golfe d'Aden
12%
Golfe de Thaïlande
12%
Mer de Java
12%
Baie de Baffin
10%
Baie de Botnie
10%
Mer de Marmara
9%
Grande Baie Australienne
8%
Détroit de Bass
7%
Mer de Célèbes
7%
Mer d'Okhotsk
7%
Río de la Plata
7%
Mer de Banda
6%
Golfe de Carpentarie
5%
Lac Maracaibo
5%
Mer d'Arafura
5%
Mer de Sulu
5%
Baie de Fundy
4%

Distribution des résultats

Percentile par nombre de réponses

% des personnes avec chaque résultat

Votre développement - résultats

Vous n’avez pas pris ce quiz